Pays du monde contenant un M - Statistiques

Statistiques générales
  • Ce quiz a été pris 3 350 fois
  • Le résultat moyen est 36 sur 52
Statistiques - réponses
Pays % Correct
Maroc
90%
Mauritanie
89%
Madagascar
84%
Mali
84%
Mexique
84%
Moldavie
82%
Mozambique
82%
Mongolie
80%
Monténégro
78%
Macédoine du Nord
77%
Monaco
77%
Malaisie
76%
Allemagne
74%
Zambie
74%
Zimbabwe
74%
Malawi
73%
Colombie
72%
Maldives
72%
Malte
71%
Oman
71%
Île Maurice
70%
Arménie
69%
République dominicaine
68%
Roumanie
68%
Yémen
68%
Émirats Arabes Unis
67%
Jamaique
67%
Cameroun
66%
Micronésie
66%
Cambodge
65%
Gambie
65%
Panama
65%
Royaume-Uni
65%
Somalie
65%
Birmanie
64%
Dominique
64%
Guatemala
64%
Îles Marshall
64%
Namibie
64%
Suriname
64%
Danemark
62%
Saint-Marin
62%
Comores
61%
Bahamas
59%
République démocratique du Congo
59%
Viêt Nam
59%
Luxembourg
58%
Turkménistan
58%
Samoa
52%
Sao Tomé-et-Principe
52%
Salomon
51%
Timor Oriental
47%
Aucun quiz correspondant
Distribution des résultats
% des personnes avec chaque résultat
Percentile par nombre de réponses
Votre historique - résultats
Vous n’avez pas pris ce quiz